<?xml version="1.0" encoding="UTF-8"?>
<record
    xmlns:xsi="http://www.w3.org/2001/XMLSchema-instance"
    xsi:schemaLocation="http://www.loc.gov/MARC21/slim http://www.loc.gov/standards/marcxml/schema/MARC21slim.xsd"
    xmlns="http://www.loc.gov/MARC21/slim">

  <leader>00718nam a22002177a 4500</leader>
  <controlfield tag="005">20250912145359.0</controlfield>
  <datafield tag="010" ind1=" " ind2=" ">
    <subfield code="a">ENG-146844</subfield>
  </datafield>
  <datafield tag="020" ind1=" " ind2=" ">
    <subfield code="a">9788178246956</subfield>
    <subfield code="c">1095.00</subfield>
  </datafield>
  <datafield tag="035" ind1=" " ind2=" ">
    <subfield code="a">EN-130376</subfield>
  </datafield>
  <datafield tag="037" ind1=" " ind2=" ">
    <subfield code="b">DBAD </subfield>
  </datafield>
  <datafield tag="082" ind1=" " ind2=" ">
    <subfield code="a">954.32</subfield>
  </datafield>
  <datafield tag="100" ind1=" " ind2=" ">
    <subfield code="a">Venkateswaran, Mrinalini</subfield>
    <subfield code="9">85035</subfield>
  </datafield>
  <datafield tag="245" ind1=" " ind2=" ">
    <subfield code="a">Compelled to Collect</subfield>
    <subfield code="b">Museums and the race for india's national past/</subfield>
    <subfield code="c">Mrinalini Venkateswaran</subfield>
  </datafield>
  <datafield tag="260" ind1=" " ind2=" ">
    <subfield code="a">Ranikhet</subfield>
    <subfield code="b">Parmanant black</subfield>
  </datafield>
  <datafield tag="270" ind1=" " ind2=" ">
    <subfield code="a">'Himalayana' Mall Road, Ranikhet cantt</subfield>
    <subfield code="b">Ranikhet</subfield>
    <subfield code="e">263645</subfield>
  </datafield>
  <datafield tag="300" ind1=" " ind2=" ">
    <subfield code="a">280p.</subfield>
    <subfield code="c">23(hb)</subfield>
  </datafield>
  <datafield tag="490" ind1=" " ind2=" ">
    <subfield code="a">Hedgehog and Fox, History and Politics Series</subfield>
  </datafield>
  <datafield tag="700" ind1=" " ind2=" ">
    <subfield code="a">Mukherjee, Rudrangshu</subfield>
    <subfield code="e">Editor</subfield>
    <subfield code="9">85036</subfield>
  </datafield>
  <datafield tag="760" ind1=" " ind2=" ">
    <subfield code="b">1</subfield>
  </datafield>
  <datafield tag="942" ind1=" " ind2=" ">
    <subfield code="2">ddc</subfield>
    <subfield code="c">EN</subfield>
    <subfield code="h">954.32</subfield>
    <subfield code="m">VEN</subfield>
  </datafield>
  <datafield tag="999" ind1=" " ind2=" ">
    <subfield code="c">213425</subfield>
    <subfield code="d">213425</subfield>
  </datafield>
  <datafield tag="952" ind1=" " ind2=" ">
    <subfield code="0">0</subfield>
    <subfield code="1">0</subfield>
    <subfield code="4">0</subfield>
    <subfield code="7">0</subfield>
    <subfield code="8">NFIC</subfield>
    <subfield code="a">ZLS</subfield>
    <subfield code="b">ZLS</subfield>
    <subfield code="d">2025-09-12</subfield>
    <subfield code="e">DBAD</subfield>
    <subfield code="g">1095.00</subfield>
    <subfield code="l">0</subfield>
    <subfield code="o">954.32 VEN</subfield>
    <subfield code="p">EN-130376</subfield>
    <subfield code="r">2025-09-12 00:00:00</subfield>
    <subfield code="v">1095.00</subfield>
    <subfield code="w">2025-09-12</subfield>
    <subfield code="y">EN</subfield>
  </datafield>
</record>
